Finanční krize zkouška vztahu
Definícia finančnej krízy v encyklopedických slovníkoch. Pohľad na finančnú krízu ako na príležitosť. Správanie podniku v období krízy. Ako dosiahnuť, aby sa zamestnanci aj v období krízy cítili potrební a motivovaní. Komplexná personálna práca a motivácia. Úloha personalistu v období krízy. Kríza -...
Gespeichert in:
| 1. Verfasser: | |
|---|---|
| Format: | Buchkapitel |
| Sprache: | Tschechisch |
| Schlagworte: | |
| Tags: |
Keine Tags, Fügen Sie das erste Tag hinzu!
|
MARC
| LEADER | 00000naa$a2200000$$$4500 | ||
|---|---|---|---|
| 001 | 0094966 | ||
| 005 | 20231213141154.6 | ||
| 041 | 0 | |a cze | |
| 044 | |a CZ | ||
| 245 | 1 | 0 | |a Finanční krize |b zkouška vztahu |c Lukáš Malík |
| 520 | |a Definícia finančnej krízy v encyklopedických slovníkoch. Pohľad na finančnú krízu ako na príležitosť. Správanie podniku v období krízy. Ako dosiahnuť, aby sa zamestnanci aj v období krízy cítili potrební a motivovaní. Komplexná personálna práca a motivácia. Úloha personalistu v období krízy. Kríza - hrozba aj príležitosť. | ||
| 610 | 2 | 0 | |a práca personálna |
| 610 | 2 | 0 | |a personalisti |
| 610 | 2 | 0 | |a zamestnanci |
| 610 | 2 | 0 | |a motivácia |
| 610 | 2 | 0 | |a benefity |
| 610 | 2 | 0 | |a kríza finančná |
| 610 | 2 | 0 | |a firmy |
| 100 | 1 | |a Malík, Lukáš | |